[Event "?"]
[Site "?"]
[Date "????.??.??"]
[Round "?"]
[White "Van Duijn, R."]
[Black "Heinig, J."]
[Result "1/2-1/2"]
[WhiteElo "2021"]
[BlackElo "1828"]
[PlyCount "72"]
[EventDate "2013.??.??"]
[WhiteTeam "Niederlande"]
[BlackTeam "SV Bannewitz"]

1. e4 e6 2. Nf3 d5 3. Nc3 Nf6 4. Qe2 Be7 5. g3 a6 6. Bg2 d4 7. Nd1 c5 8. d3 Nc6
9. a4 Qc7 10. O-O e5 11. a5 Bg4 12. Bd2 O-O 13. h3 Bd7 14. b3 Nb4 15. Be1 Bd6
16. Nb2 Bb5 17. Nc4 Bxc4 18. dxc4 Nc6 19. Bd2 Rfb8 20. Ne1 b6 21. axb6 Qxb6 22.
Nd3 a5 23. f4 Nd7 24. f5 f6 25. g4 Nb4 26. Nxb4 axb4 27. g5 Qc6 28. Qh5 Be7 29.
h4 Nf8 30. Kh2 Qe8 31. Qg4 Rxa1 32. Rxa1 Ra8 33. Rxa8 Qxa8 34. h5 Qd8 35. Bf1
Kh8 36. Be2 Qe8 1/2-1/2

[Event "?"]
[Site "?"]
[Date "????.??.??"]
[Round "?"]
[White "Wünschmann, B."]
[Black "Munninghoff, A."]
[Result "0-1"]
[WhiteElo "1682"]
[BlackElo "1945"]
[PlyCount "70"]
[EventDate "2013.??.??"]
[WhiteTeam "SV Bannewitz"]
[BlackTeam "Niederlande"]

1. b4 e5 2. Bb2 Bxb4 3. Bxe5 Nf6 4. c4 O-O 5. e3 Re8 6. Bb2 d5 7. a3 Ba5 8. Nf3
Nc6 9. cxd5 Nxd5 10. Be2 Rxe3 11. fxe3 Nxe3 12. Qb3 Nxg2+ 13. Kd1 Be6 14. Qd3
Qe7 15. Kc1 Rd8 16. Qe4 Bb6 17. Nc3 Na5 18. Bd1 Nc4 19. Bb3 Nxd2 20. Nxd2 Qg5
21. Bxe6 Rxd2 22. Bxf7+ Kxf7 23. Kb1 Ne3 24. Ka2 Bd4 25. Rhf1+ Nxf1 26. Rxf1+
Bf6 27. Qc4+ Kg6 28. Qe4+ Kh6 29. Rc1 Qc5 30. h4 Qf2 31. Qb4 b6 32. Kb1 c5 33.
Qb3 Qxh4 34. Qe6 Qf2 35. Nd1 Rxb2+ 0-1

[Event "?"]
[Site "?"]
[Date "????.??.??"]
[Round "?"]
[White "Schneider, M."]
[Black "Beltz, M."]
[Result "0-1"]
[WhiteElo "1957"]
[BlackElo "2090"]
[PlyCount "110"]
[EventDate "2013.??.??"]
[WhiteTeam "Störtebeker"]
[BlackTeam "Deutschland Frauen"]

1. d4 d5 2. c4 e6 3. Nf3 c6 4. e3 f5 5. Bd3 Nf6 6. Qc2 Ne4 7. O-O Bd6 8. b3 O-O
9. Ba3 Bxa3 10. Nxa3 Nd7 11. Rac1 Ndf6 12. Ne5 Bd7 13. f3 Nd6 14. Qd2 Be8 15.
Nb1 Rc8 16. c5 Nf7 17. Nxf7 Bxf7 18. Nc3 g5 19. Ne2 Kh8 20. Rce1 Bg6 21. b4 Rc7
22. Bc2 Rg7 23. Nc3 Qc7 24. g3 e5 25. dxe5 Qxe5 26. f4 gxf4 27. exf4 Qc7 28.
Qd4 Ne4 29. Re3 h6 30. Bd1 Kh7 31. Ne2 Bh5 32. Nc3 Bxd1 33. Nxd1 Rfg8 34. Rff3
h5 35. Nf2 h4 36. Nd3 hxg3 37. h3 Nd2 38. Qf6 Nxf3+ 39. Kg2 Qf7 40. Qxf7 Rxf7
41. Rxf3 Re7 42. Ne5 a5 43. a3 Reg7 44. bxa5 Ra8 45. Rc3 Rxa5 46. Nf3 Ra4 47.
Ng5+ Kg6 48. Kxg3 Kf6 49. h4 Rc4 50. Re3 Re7 51. Rf3 Rxc5 52. h5 Kg7 53. Rd3
Kh6 54. Kh4 Rc4 55. Nh3 Rg7 0-1

[Event "?"]
[Site "?"]
[Date "????.??.??"]
[Round "?"]
[White "Burchardt, B."]
[Black "Johannsen, I."]
[Result "1-0"]
[WhiteElo "2201"]
[BlackElo "1933"]
[PlyCount "65"]
[EventDate "2013.??.??"]
[WhiteTeam "Deutschland Frauen"]
[BlackTeam "Störtebeker"]

1. e4 e6 2. d4 d5 3. Nd2 Nf6 4. e5 Nfd7 5. f4 c5 6. c3 Nc6 7. Ndf3 Qb6 8. Ne2
Be7 9. g3 O-O 10. Bh3 cxd4 11. cxd4 Bb4+ 12. Kf1 Be7 13. Kg2 f5 14. g4 fxg4 15.
Bxg4 Nd8 16. Rg1 Nf7 17. Kh1 Nh6 18. Bh3 Nf5 19. Bxf5 Rxf5 20. Ng3 Rf7 21. Nh5
Nf8 22. Rg2 Bd7 23. Be3 Rc8 24. Qd2 Ng6 25. Rag1 Kh8 26. Qd3 Bb5 27. Qb1 Qa6
28. Ne1 Bf1 29. Rxg6 hxg6 30. Qxg6 Rcf8 31. Nxg7 Qe2 32. Qh6+ Kg8 33. Nxe6+ 1-0

[Event "?"]
[Site "?"]
[Date "????.??.??"]
[Round "?"]
[White "Mewes, H."]
[Black "Jeske, K."]
[Result "1-0"]
[WhiteElo "1899"]
[BlackElo "1975"]
[PlyCount "71"]
[EventDate "2013.??.??"]
[WhiteTeam "Störtebeker"]
[BlackTeam "Deutschland Frauen"]

1. Nf3 Nf6 2. c4 g6 3. d4 Bg7 4. Nc3 d6 5. e3 Nbd7 6. Qc2 e5 7. Be2 O-O 8. O-O
Ne8 9. Rd1 f5 10. b4 g5 11. Ne1 g4 12. a4 a5 13. Rb1 axb4 14. Rxb4 b6 15. Rb3
h5 16. Bf1 Bh6 17. Nd3 Qf6 18. Ne1 h4 19. Rb2 f4 20. Qe4 Ra5 21. Nd5 Qf7 22.
exf4 exf4 23. Ne7+ Kg7 24. Nxc8 Nef6 25. Qb7 Qe8 26. Na7 h3 27. Qxc7 hxg2 28.
Nxg2 g3 29. fxg3 fxg3 30. Bxh6+ Kxh6 31. Qxd6 gxh2+ 32. Kh1 Rxa7 33. Bd3 Qh5
34. Rf1 Rxa4 35. Nf4 Qf7 36. Rxh2+ 1-0

[Event "?"]
[Site "?"]
[Date "????.??.??"]
[Round "?"]
[White "Gottschall, I."]
[Black "Buck, K."]
[Result "1-0"]
[WhiteElo "1731"]
[BlackElo "1730"]
[PlyCount "91"]
[EventDate "2013.??.??"]
[WhiteTeam "Deutschland Frauen"]
[BlackTeam "Störtebeker"]

1. d4 e6 2. c4 d5 3. Nf3 c5 4. cxd5 exd5 5. e3 c4 6. Nc3 Bb4 7. Be2 Ne7 8. O-O
O-O 9. Qc2 Bxc3 10. bxc3 Bf5 11. Qb2 b6 12. Nd2 Qc8 13. Bf3 Bg4 14. Qc2 Nbc6
15. e4 Bxf3 16. Nxf3 dxe4 17. Qxe4 Qf5 18. Re1 Qd5 19. Ba3 Rfe8 20. Qc2 Ng6 21.
Qd2 h6 22. Re3 Rxe3 23. Qxe3 Nf8 24. Re1 Rd8 25. h3 Qa5 26. Bxf8 Rxf8 27. Qe4
Nd8 28. Qc2 Ne6 29. Re5 Qa3 30. Nd2 Qa6 31. d5 Nc5 32. d6 f6 33. Rd5 Nd7 34.
Qf5 Rf7 35. Qe6 Qc8 36. Qe4 Rf8 37. Nxc4 Re8 38. Qg4 Qc6 39. Ne3 Rxe3 40. fxe3
Qxd5 41. Qxd7 Qxa2 42. Qe8+ Kh7 43. Qe4+ Kh8 44. d7 Qa1+ 45. Kh2 Qd1 46. Qd4
1-0

[Event "?"]
[Site "?"]
[Date "????.??.??"]
[Round "?"]
[White "Nilsen, K."]
[Black "Just, J."]
[Result "0-1"]
[WhiteElo "1885"]
[BlackElo "2055"]
[PlyCount "84"]
[EventDate "2013.??.??"]
[WhiteTeam "Norwegen 3"]
[BlackTeam "Saale-Schachbund Halle"]

1. e4 e6 2. d4 d5 3. exd5 exd5 4. Bd3 Nc6 5. c3 Bd6 6. Ne2 Nf6 7. Bg5 h6 8. Bh4
g5 9. Bg3 Bg4 10. Nd2 Qd7 11. h3 Be6 12. Qc2 O-O-O 13. O-O-O Ne7 14. Nf3 Bxg3
15. Nxg3 Qd6 16. Ne5 Nd7 17. Nxd7 Rxd7 18. Rhe1 Qf4+ 19. Qd2 Qxd2+ 20. Rxd2 h5
21. Nf1 Rg8 22. g3 Bxh3 23. Ne3 Be6 24. f4 gxf4 25. gxf4 Bg4 26. Nxg4 hxg4 27.
Rde2 Kd8 28. f5 Nc8 29. Rg1 f6 30. Rg3 Nd6 31. Re6 Rf7 32. Kd2 Rg5 33. Ke3
Nxf5+ 34. Bxf5 Rxf5 35. c4 Kd7 36. cxd5 Rxd5 37. Re4 f5 38. Rf4 Ke6 39. Kd3 c5
40. b3 Rxd4+ 41. Rxd4 cxd4 42. Kxd4 Kf6 0-1

[Event "?"]
[Site "?"]
[Date "????.??.??"]
[Round "?"]
[White "Franke, R."]
[Black "Kverndal, L."]
[Result "1/2-1/2"]
[WhiteElo "1991"]
[BlackElo "1843"]
[PlyCount "42"]
[EventDate "2013.??.??"]
[WhiteTeam "Saale-Schachbund Halle"]
[BlackTeam "Norwegen 3"]

1. b4 d5 2. Bb2 Nf6 3. e3 g6 4. c4 c6 5. Nf3 Bg7 6. Qb3 O-O 7. Nc3 a5 8. b5 Ne4
9. a4 e6 10. Be2 Nd7 11. d4 f5 12. O-O Ndf6 13. Rad1 Nxc3 14. Bxc3 Ne4 15. Bb2
g5 16. Nd2 Nf6 17. Bd3 h5 18. c5 h4 19. b6 Qe8 20. Rc1 g4 21. Qd1 Qg6 1/2-1/2

[Event "?"]
[Site "?"]
[Date "????.??.??"]
[Round "?"]
[White "Birkestrand, O."]
[Black "Reinemann, G."]
[Result "1/2-1/2"]
[WhiteElo "1823"]
[BlackElo "1999"]
[PlyCount "64"]
[EventDate "2013.??.??"]
[WhiteTeam "Norwegen 3"]
[BlackTeam "Saale-Schachbund Halle"]

1. e4 e6 2. d4 d5 3. e5 c5 4. c3 Nc6 5. Nf3 Qb6 6. Bd3 Bd7 7. dxc5 Bxc5 8. O-O
a5 9. Qe2 Nge7 10. b3 Qc7 11. Ba3 Qb6 12. Bb2 Ng6 13. Bxg6 hxg6 14. Nbd2 Rc8
15. Rfd1 Ne7 16. Rac1 Bc6 17. a3 Nf5 18. b4 Be7 19. Nd4 Nxd4 20. cxd4 axb4 21.
axb4 Bxb4 22. Nf3 Qd8 23. Qe3 Be7 24. Rc2 g5 25. g4 O-O 26. Rdc1 Ra8 27. Qd2
Qa5 28. Bc3 Qd8 29. Bb2 Ra2 30. Bc3 Rxc2 31. Rxc2 g6 32. Ba5 Qd7 1/2-1/2

[Event "?"]
[Site "?"]
[Date "????.??.??"]
[Round "?"]
[White "Stavenhagen, J."]
[Black "Niebuhr, G."]
[Result "1/2-1/2"]
[WhiteElo "2007"]
[BlackElo "2072"]
[PlyCount "71"]
[EventDate "2013.??.??"]
[WhiteTeam "Saxone"]
[BlackTeam "Freibauer Niedersachsen"]

1. d4 Nf6 2. Nf3 g6 3. Bg5 Bg7 4. Nbd2 O-O 5. e4 d5 6. exd5 Nxd5 7. c3 Nd7 8.
Bc4 c6 9. O-O h6 10. Bh4 N7b6 11. Bb3 Bf5 12. Re1 Nf6 13. Qe2 g5 14. Bg3 e6 15.
Ne5 Nfd7 16. Rad1 Nxe5 17. dxe5 Qc7 18. Ne4 Bxe4 19. Qxe4 Rfd8 20. Rxd8+ Rxd8
21. h4 Qe7 22. hxg5 hxg5 23. Bc2 Rd5 24. b4 Rd8 25. a3 Rd7 26. f3 Rd2 27. Bf2
Nd7 28. Bxa7 Rd5 29. Bd4 c5 30. bxc5 Nxc5 31. Qe3 Nd7 32. f4 gxf4 33. Qxf4 Qxa3
34. Rf1 Qe7 35. Be4 Rb5 36. Qh2 1/2-1/2

[Event "?"]
[Site "?"]
[Date "????.??.??"]
[Round "?"]
[White "Jürgens, P."]
[Black "Alter, H."]
[Result "1/2-1/2"]
[WhiteElo "2023"]
[BlackElo "1876"]
[PlyCount "36"]
[EventDate "2013.??.??"]
[WhiteTeam "Freibauer Niedersachsen"]
[BlackTeam "Saxone"]

1. d4 d5 2. Nf3 Nf6 3. Bf4 e6 4. e3 Bd6 5. Bg3 c5 6. Nbd2 Nc6 7. c3 O-O 8. Bd3
b6 9. Ne5 Bb7 10. O-O Qc7 11. f4 Ne7 12. Qf3 Ne8 13. h3 f5 14. Be2 Nf6 15. Rad1
Ne4 16. Bh4 Bxe5 17. Bxe7 Qxe7 18. fxe5 Qh4 1/2-1/2

[Event "?"]
[Site "?"]
[Date "????.??.??"]
[Round "?"]
[White "Francke, D."]
[Black "Hellwege, W."]
[Result "0-1"]
[WhiteElo "1722"]
[BlackElo "2033"]
[PlyCount "86"]
[EventDate "2013.??.??"]
[WhiteTeam "Saxone"]
[BlackTeam "Freibauer Niedersachsen"]

1. b4 e5 2. Bb2 Bxb4 3. Bxe5 Nf6 4. e3 O-O 5. a3 Ba5 6. Nf3 Nc6 7. Bb2 d5 8. c4
Re8 9. Be2 Be6 10. cxd5 Nxd5 11. O-O f6 12. d4 Kh8 13. Qc2 Nce7 14. Bd3 Bg8 15.
Nbd2 c6 16. Ne4 Bc7 17. Ng3 Qd7 18. Rfd1 Rac8 19. Nf5 Rcd8 20. Rd2 Nxf5 21.
Bxf5 Qf7 22. g3 Qh5 23. Nh4 Ne7 24. Be4 Bd5 25. Ng2 Bxe4 26. Qxe4 Nd5 27. Qc2
f5 28. Nf4 Bxf4 29. exf4 Re4 30. Qd1 Qg6 31. Kh1 Rde8 32. Qf3 Qe6 33. Kg2 Kg8
34. Rc1 Qg6 35. Kh1 Re1+ 36. Rxe1 Rxe1+ 37. Kg2 Re4 38. Kh1 Qe6 39. Kg2 g6 40.
Kf1 Nb6 41. Qd3 Re1+ 42. Kg2 Qd5+ 43. Qf3 Rg1+ 0-1

[Event "?"]
[Site "?"]
[Date "????.??.??"]
[Round "?"]
[White "Fritsch, J."]
[Black "Zanger, K."]
[Result "1-0"]
[WhiteElo "1958"]
[BlackElo "1817"]
[PlyCount "114"]
[EventDate "2013.??.??"]
[WhiteTeam "Freibauer Niedersachsen"]
[BlackTeam "Saxone"]

1. e4 g6 2. Bc4 e6 3. Nc3 Bg7 4. Nf3 Nc6 5. d3 Nge7 6. O-O O-O 7. Qe2 a6 8. a3
b5 9. Bb3 Bb7 10. Be3 Na5 11. Ba2 d6 12. d4 Nac6 13. Rad1 Qc8 14. Bg5 h6 15.
Bc1 Nd8 16. Qe3 Kh7 17. b4 c6 18. Ne2 d5 19. e5 a5 20. Bd2 a4 21. Nc1 Nf5 22.
Qe2 Qc7 23. c3 Qe7 24. Bb1 Qd7 25. g4 Ne7 26. Nd3 Nc8 27. Nh4 Qe7 28. Ng2 Nb6
29. h4 Nc4 30. Bc2 f5 31. exf6 Bxf6 32. Ndf4 Rg8 33. h5 e5 34. Nxg6 Rxg6 35.
Bxg6+ Kg7 36. Ne3 Nxe3 37. fxe3 e4 38. Rf2 Ne6 39. Rdf1 Rf8 40. Be1 Ng5 41. Kg2
Nf3 42. Rxf3 exf3+ 43. Rxf3 Bc8 44. Bf5 Bxf5 45. Rxf5 Qe4+ 46. Kg3 Qe7 47. Qf3
Bh4+ 48. Kg2 Bf6 49. Bg3 Re8 50. Bf2 Qe4 51. Rxf6 Qxf3+ 52. Rxf3 Re4 53. Kh3
Re6 54. Bg3 Kg8 55. Be5 Re8 56. Rf6 Rc8 57. Rg6+ Kf7 1-0

[Event "?"]
[Site "?"]
[Date "????.??.??"]
[Round "?"]
[White "Taksrud, V."]
[Black "Sager, B."]
[Result "1-0"]
[WhiteElo "2035"]
[BlackElo "1927"]
[PlyCount "67"]
[EventDate "2013.??.??"]
[WhiteTeam "Norwegen 2"]
[BlackTeam "Rochade MV"]

1. d4 d5 2. Nf3 Nf6 3. g3 e6 4. Bg2 Be7 5. O-O O-O 6. c4 c6 7. Nc3 Nbd7 8. cxd5
exd5 9. Bf4 Re8 10. Rc1 Bf8 11. Qc2 Qa5 12. Rfd1 h6 13. Nd2 Bb4 14. Nb3 Qd8 15.
Na4 Ne4 16. f3 Ng5 17. a3 Bf8 18. e4 Nb6 19. Nxb6 axb6 20. Kh1 Be6 21. e5 Qd7
22. Qd2 Be7 23. Be3 Rac8 24. Rf1 Red8 25. g4 Nh7 26. Qf2 Qe8 27. Qg3 Qf8 28. f4
f5 29. gxf5 Qxf5 30. Rc3 Bf8 31. Bg1 Qg4 32. Qe1 Be7 33. Bh3 Qg6 34. f5 1-0

[Event "?"]
[Site "?"]
[Date "????.??.??"]
[Round "?"]
[White "Fleischer, M."]
[Black "Sollid, S."]
[Result "0-1"]
[WhiteElo "1912"]
[BlackElo "2019"]
[PlyCount "64"]
[EventDate "2013.??.??"]
[WhiteTeam "Rochade MV"]
[BlackTeam "Norwegen 2"]

1. e4 e5 2. Nf3 Nc6 3. Bb5 Nf6 4. O-O Bc5 5. c3 O-O 6. Bxc6 dxc6 7. d4 Be7 8.
Qc2 exd4 9. cxd4 Bg4 10. Nbd2 Nd7 11. h3 Bh5 12. b3 c5 13. Bb2 cxd4 14. Bxd4 c5
15. Be3 Bf6 16. Rac1 b6 17. Qc4 Re8 18. Bf4 Ne5 19. Nxe5 Bxe5 20. Be3 Qh4 21.
f4 Qg3 22. Rce1 Bc7 23. Rf2 Bg6 24. Nf1 Qh4 25. e5 Bf5 26. g4 Be6 27. Qe4 Rad8
28. Qg2 Rd3 29. Qg3 Qxg3+ 30. Nxg3 Red8 31. Nf5 Bxf5 32. gxf5 Kf8 0-1

[Event "?"]
[Site "?"]
[Date "????.??.??"]
[Round "?"]
[White "Johnsen, O."]
[Black "Micheel, P."]
[Result "1-0"]
[WhiteElo "2038"]
[BlackElo "1926"]
[PlyCount "65"]
[EventDate "2013.??.??"]
[WhiteTeam "Norwegen 2"]
[BlackTeam "Rochade MV"]

1. d4 Nf6 2. Nf3 d5 3. e3 e6 4. Bd3 c5 5. b3 Nc6 6. Bb2 cxd4 7. exd4 a6 8. a3
Bd6 9. Nbd2 O-O 10. O-O Qc7 11. Qe2 Ne7 12. c4 Ng6 13. g3 Bd7 14. Ne5 Bxe5 15.
dxe5 Ne8 16. Rac1 Qd8 17. Bd4 Bc6 18. Bc5 Ne7 19. cxd5 Bxd5 20. Nc4 Rc8 21. Bb6
Qd7 22. Be3 Bxc4 23. Bxc4 Nc7 24. b4 Ncd5 25. Bc5 Rfe8 26. Rfd1 b5 27. Bb3 Qb7
28. Qf3 Ng6 29. Bd6 Rxc1 30. Rxc1 Nge7 31. Rc7 Qa8 32. Bxd5 Nxd5 33. Qxf7+ 1-0

[Event "?"]
[Site "?"]
[Date "????.??.??"]
[Round "?"]
[White "Kundt, G."]
[Black "Melkeraaen, T."]
[Result "0-1"]
[WhiteElo "1512"]
[BlackElo "1950"]
[PlyCount "48"]
[EventDate "2013.??.??"]
[WhiteTeam "Rochade MV"]
[BlackTeam "Norwegen 2"]

1. d4 Nf6 2. c4 g6 3. Nc3 Bg7 4. e4 d6 5. f4 O-O 6. Nf3 c5 7. dxc5 Qa5 8. Bd3
Qxc5 9. Na4 Qh5 10. Qe2 Nc6 11. Be3 Ng4 12. Bg1 Qa5+ 13. Kf1 Qxa4 14. h3 Nf6
15. g4 Nb4 16. Ne5 dxe5 17. fxe5 Nxg4 18. hxg4 Nxd3 19. Qxd3 Bxg4 20. b3 Qc6
21. Kf2 Rad8 22. Qe3 Bf3 23. Rh3 Bg4 24. Rg3 h5 0-1

[Event "?"]
[Site "?"]
[Date "????.??.??"]
[Round "?"]
[White "Baumgarten, W."]
[Black "Siegmund, R."]
[Result "1/2-1/2"]
[WhiteElo "1956"]
[BlackElo "2130"]
[PlyCount "76"]
[EventDate "2013.??.??"]
[WhiteTeam "BSW/DBAG 2"]
[BlackTeam "SV Dresden-Striesen 1990"]

1. Nf3 c5 2. c4 Nc6 3. g3 g6 4. Bg2 Bg7 5. Nc3 e5 6. O-O Nge7 7. e4 d6 8. d3
O-O 9. Nd5 Nxd5 10. exd5 Nd4 11. Nxd4 exd4 12. Bf4 Re8 13. Qd2 Bf5 14. Rfe1 Qd7
15. f3 h5 16. h4 Be5 17. Bxe5 dxe5 18. Bf1 Kg7 19. Kh2 Re7 20. b4 Rc8 21. bxc5
Rxc5 22. Qb4 Qc7 23. a4 b6 24. Ra2 Re8 25. Rea1 Bd7 26. Bh3 f5 27. a5 b5 28.
Bf1 a6 29. Rb1 Qd6 30. Qa3 Rec8 31. Qb2 Qf6 32. Qd2 f4 33. gxf4 Qxh4+ 34. Kg2
exf4 35. Qf2 Qf6 36. Re2 bxc4 37. dxc4 Rxc4 38. Rb6 Qg5+ 1/2-1/2

[Event "?"]
[Site "?"]
[Date "????.??.??"]
[Round "?"]
[White "Glasewald, S."]
[Black "Neudel, B."]
[Result "1-0"]
[WhiteElo "2075"]
[BlackElo "1887"]
[PlyCount "38"]
[EventDate "2013.??.??"]
[WhiteTeam "SV Dresden-Striesen 1990"]
[BlackTeam "BSW/DBAG 2"]

1. d4 d5 2. Nc3 Nf6 3. Bg5 e6 4. e4 dxe4 5. Nxe4 Be7 6. Bxf6 Bxf6 7. Nf3 O-O 8.
c3 Nd7 9. Bd3 g6 10. h4 Bg7 11. h5 c6 12. Neg5 Nf6 13. hxg6 h6 14. Nxf7 Rxf7
15. gxf7+ Kxf7 16. Qb3 Nd5 17. O-O-O c5 18. Rhg1 Qf6 19. g3 b5 1-0

[Event "?"]
[Site "?"]
[Date "????.??.??"]
[Round "?"]
[White "Schüppen, H."]
[Black "Deppe, C."]
[Result "1/2-1/2"]
[WhiteElo "1824"]
[BlackElo "1863"]
[PlyCount "75"]
[EventDate "2013.??.??"]
[WhiteTeam "BSW/DBAG 2"]
[BlackTeam "SV Dresden-Striesen 1990"]

1. Nf3 Nf6 2. d4 g6 3. c4 Bg7 4. Nc3 d5 5. e3 O-O 6. c5 c6 7. a3 Nbd7 8. Be2
Re8 9. O-O e5 10. dxe5 Nxe5 11. Nd4 Ned7 12. b4 Qe7 13. Bb2 Nf8 14. Bf3 Ne6 15.
Nxe6 Bxe6 16. Ne2 Bf5 17. Ng3 Bd7 18. Bd4 h5 19. Ne2 g5 20. Bxf6 Qxf6 21. Nd4
g4 22. Be2 Qe5 23. g3 Qg5 24. Re1 h4 25. Bd3 hxg3 26. hxg3 Bxd4 27. exd4 Rxe1+
28. Qxe1 Re8 29. Qc1 Qh5 30. Qf4 Kg7 31. Qd6 Bf5 32. Bxf5 Qxf5 33. Qf4 Qh5 34.
Rd1 Re6 35. Kg2 Qh3+ 36. Kg1 Rh6 37. Qg5+ Kh8 38. Qe5+ 1/2-1/2

[Event "?"]
[Site "?"]
[Date "????.??.??"]
[Round "?"]
[White "Barz, H."]
[Black "Ollek, K."]
[Result "1/2-1/2"]
[WhiteElo "1974"]
[BlackElo "1735"]
[PlyCount "41"]
[EventDate "2013.??.??"]
[WhiteTeam "SV Dresden-Striesen 1990"]
[BlackTeam "BSW/DBAG 2"]

1. e4 Nf6 2. e5 Nd5 3. d4 d6 4. Nf3 Bg4 5. Be2 Nc6 6. exd6 exd6 7. O-O Be7 8.
c4 Nb6 9. Na3 Bf6 10. Be3 O-O 11. Rc1 Re8 12. b3 Nc8 13. Qd2 N8e7 14. h3 Bd7
15. Bd3 Bf5 16. Bxf5 Nxf5 17. Qd3 g6 18. Nc2 a5 19. a3 Bg7 20. Bg5 Qd7 21. Bf4
1/2-1/2

[Event "?"]
[Site "?"]
[Date "????.??.??"]
[Round "?"]
[White "Beniest, R."]
[Black "Bjorgvik, J."]
[Result "1-0"]
[WhiteElo "2138"]
[BlackElo "1835"]
[PlyCount "97"]
[EventDate "2013.??.??"]
[WhiteTeam "Belgien 2"]
[BlackTeam "Norwegen 4"]

1. d4 d5 2. c4 e6 3. Nc3 Nf6 4. cxd5 exd5 5. Bg5 Be7 6. e3 O-O 7. Nf3 c6 8. Qc2
Re8 9. Bd3 h6 10. Bh4 Nbd7 11. O-O Ne4 12. Bxe7 Qxe7 13. b4 Nxc3 14. Qxc3 Nf6
15. b5 Bd7 16. bxc6 Bxc6 17. Ne5 Rec8 18. Rfc1 Rc7 19. Qc5 Qxc5 20. Rxc5 Nd7
21. Nxd7 Rxd7 22. Rac1 a6 23. Kf1 g6 24. Ke2 Kf8 25. Kd2 Ke7 26. Bc2 Rd6 27.
Bd3 f5 28. h4 h5 29. g3 Rf6 30. a4 Kd7 31. a5 Rff8 32. Rb1 Rfc8 33. Rb6 Rg8 34.
Bxa6 Rxa6 35. Rcxc6 bxc6 36. Rxa6 Rb8 37. Ra7+ Ke6 38. Kc3 Rb1 39. Rg7 Ra1 40.
Kb4 Ra2 41. Rxg6+ Kd7 42. Rg5 Rxf2 43. Rxh5 Rf3 44. Rh7+ Kc8 45. a6 Kb8 46. Re7
Rxg3 47. Kc5 f4 48. exf4 Ra3 49. Kb6 1-0

[Event "?"]
[Site "?"]
[Date "????.??.??"]
[Round "?"]
[White "Johansen, B."]
[Black "Van Herck, M."]
[Result "0-1"]
[WhiteElo "1705"]
[BlackElo "2104"]
[PlyCount "52"]
[EventDate "2013.??.??"]
[WhiteTeam "Norwegen 4"]
[BlackTeam "Belgien 2"]

1. d4 Nf6 2. Nc3 d5 3. Nf3 Bf5 4. Bf4 e6 5. e3 Bb4 6. a3 Bxc3+ 7. bxc3 c5 8.
Bd3 Qa5 9. Qd2 c4 10. Bxf5 exf5 11. O-O Ne4 12. Qe1 Qxc3 13. Qxc3 Nxc3 14. Bd6
a5 15. a4 Nc6 16. Nd2 Kd7 17. Bf4 Ne2+ 18. Kh1 Nxf4 19. exf4 Nxd4 20. Nxc4 dxc4
21. Rfd1 Ke7 22. Rxd4 Rhd8 23. Rad1 Rxd4 24. Rxd4 Rd8 25. Rxd8 Kxd8 26. c3 b5
0-1

[Event "?"]
[Site "?"]
[Date "????.??.??"]
[Round "?"]
[White "Westphal, N."]
[Black "Welz, P."]
[Result "1/2-1/2"]
[WhiteElo "1900"]
[BlackElo "2149"]
[PlyCount "39"]
[EventDate "2013.??.??"]
[WhiteTeam "BSV Chemie Radebeul"]
[BlackTeam "BSW/DBAG 3"]

1. Nf3 f5 2. e4 fxe4 3. Ng5 e5 4. d3 e3 5. Bxe3 Nc6 6. c4 Nf6 7. Ne4 Be7 8.
Nbc3 O-O 9. Be2 d6 10. O-O Nd4 11. Nxf6+ Bxf6 12. Bxd4 exd4 13. Nd5 c6 14.
Nxf6+ Qxf6 15. Bf3 Bf5 16. Be4 Bxe4 17. dxe4 c5 18. Qd3 Qf4 19. f3 Rae8 20.
Rae1 1/2-1/2

[Event "?"]
[Site "?"]
[Date "????.??.??"]
[Round "?"]
[White "Strauss, P."]
[Black "Richter, A."]
[Result "1-0"]
[WhiteElo "1800"]
[BlackElo "1673"]
[PlyCount "111"]
[EventDate "2013.??.??"]
[WhiteTeam "BSW/DBAG 3"]
[BlackTeam "BSV Chemie Radebeul"]

1. d4 Nf6 2. c4 g6 3. g3 d5 4. Bg2 c6 5. cxd5 cxd5 6. Nc3 Nc6 7. Bg5 Bg7 8. Nf3
Ne4 9. Bf4 Qa5 10. Bd2 Nxd2 11. Qxd2 O-O 12. O-O e6 13. e3 Bd7 14. Rfc1 Rfc8
15. Qd1 Qb4 16. Rab1 a6 17. Bh3 Qe7 18. Na4 Rab8 19. Nb6 Rd8 20. Rc3 Qd6 21.
Nxd7 Rxd7 22. a3 Rbd8 23. Rbc1 f5 24. Bf1 e5 25. Bxa6 Nxd4 26. exd4 exd4 27.
Nxd4 Qxa6 28. Rd3 Qb6 29. Rc2 Re7 30. b4 Rde8 31. Nf3 d4 32. Rc5 g5 33. Qb3+
Qe6 34. Qxe6+ Rxe6 35. Nxg5 Re5 36. Rxe5 Rxe5 37. Nf3 Rd5 38. Kf1 Kf7 39. Ke2
Ke7 40. Kd2 b5 41. Kc2 Kd7 42. Kb3 Kc6 43. Kc2 h6 44. Rd1 Rd7 45. Kd3 Kd5 46.
Rc1 Ra7 47. Ra1 Rc7 48. Ne1 Rc3+ 49. Kd2 Kc4 50. a4 bxa4 51. Rxa4 Rb3 52. b5+
Kxb5 53. Ra7 Bf8 54. Rb7+ Kc4 55. Rxb3 Kxb3 56. Kd3 1-0

[Event "?"]
[Site "?"]
[Date "????.??.??"]
[Round "?"]
[White "Ritter, F."]
[Black "Fitzke, U."]
[Result "0-1"]
[WhiteElo "1660"]
[BlackElo "2003"]
[PlyCount "118"]
[EventDate "2013.??.??"]
[WhiteTeam "BSV Chemie Radebeul"]
[BlackTeam "BSW/DBAG 3"]

1. e4 c5 2. Nf3 Nc6 3. d4 cxd4 4. Nxd4 Nf6 5. Nc3 g6 6. Bc4 d6 7. O-O Bg7 8.
Be3 O-O 9. f3 Na5 10. Bd3 Bd7 11. Qd2 a6 12. Kh1 Rc8 13. Qe2 b5 14. a3 Nc4 15.
Bxc4 Rxc4 16. Rfd1 Qc8 17. Rac1 Rd8 18. Nb3 Qb8 19. Qf2 Rcc8 20. g4 h5 21. h3
Bc6 22. Ba7 Qa8 23. Bb6 Re8 24. Rd3 hxg4 25. hxg4 d5 26. Nxd5 Nxd5 27. exd5
Bxd5 28. Rcd1 e6 29. Bd4 e5 30. Bc3 Bc6 31. Re3 e4 32. Bxg7 Kxg7 33. f4 Rcd8
34. Nd4 Qa7 35. c3 Ba8 36. Kg2 Rh8 37. Rh1 Qe7 38. Rxh8 Rxh8 39. Qg3 Qh4 40.
Qxh4 Rxh4 41. Kg3 Rh1 42. g5 Rb1 43. Re2 Bd5 44. Kf2 f5 45. Ke3 Rh1 46. Rf2 Kf7
47. Kd2 Ke7 48. Nc2 Rh3 49. Ne3 Bb3 50. Nf1 Rh1 51. Ne3 Rb1 52. Rf1 Rxb2+ 53.
Kc1 Re2 54. Nd1 Bxd1 55. Kxd1 Ra2 56. Re1 Rxa3 57. Kc2 Ra2+ 58. Kb3 Ra4 59. Rh1
e3 0-1

[Event "?"]
[Site "?"]
[Date "????.??.??"]
[Round "?"]
[White "Kaiser, H."]
[Black "Portsch, C."]
[Result "1/2-1/2"]
[WhiteElo "1851"]
[BlackElo "1588"]
[PlyCount "43"]
[EventDate "2013.??.??"]
[WhiteTeam "BSW/DBAG 3"]
[BlackTeam "BSV Chemie Radebeul"]

1. e4 d6 2. d4 Nf6 3. Nc3 g6 4. Be2 Bg7 5. Be3 Nc6 6. f4 O-O 7. Qd2 e5 8. fxe5
dxe5 9. d5 Ne7 10. O-O-O Ne8 11. g4 Nd6 12. g5 a6 13. h4 b5 14. a3 Nc4 15. Bxc4
bxc4 16. Qe2 Bd7 17. Qxc4 Nc8 18. Nf3 Nd6 19. Qe2 Bg4 20. Rhf1 Qe8 21. Bc5 h5
22. Qd3 1/2-1/2